الخط الديموطيقي

محفوظ في:

المؤلف الرئيسي: نور الدين، عبد الحليم.

التنسيق: كتاب

اللغة: Undetermined

منشور في: Cairo : alkhalij alearabiu , 2009.

الوسوم: إضافة وسم

لا توجد وسوم, كن أول من يضع وسما على هذه التسجيلة!

رقم الطلب: PJ1829 .N87

LEADER 00385nam a2200121Ia 4500
008 240329s9999||||xx |||||||||||||| ||und||
050 4 |a PJ1829 .N87 
100 1 |a نور الدين، عبد الحليم. 
245 1 0 |a الخط الديموطيقي   |c نور الدين، عبد الحليم 
264 1 |a Cairo :  |b alkhalij alearabiu ,  |c 2009. 
300 |a 396  |c 29 CM 
942 |2 lcc  |c BK 
999 |c 57642  |d 57642